Zmeny v daňovom odpisovaní majetku v SR z pohľadu podnikateľských subjektov

Priblíženie legislatívnych zmien v daňovom odpisovaní majetku, ku ktorým došlo k 1.1.2015. Názory podnikateľských subjektov na legislatívne zmeny v odpisovej politike, vyvodenie záverov.

Salvato in:
Dettagli Bibliografici
Autore principale: Ďurinová, Ivona, 1964-
Natura: Capitolo di libro
Lingua:slovacco
Soggetti:
Tags: Aggiungi Tag
Nessun Tag, puoi essere il primo ad aggiungerne!!

MARC

LEADER 00000naa$a2200000$$$4500
001 0210109
005 20240502073510.3
041 0 |a slo 
044 |a SK 
245 1 0 |a Zmeny v daňovom odpisovaní majetku v SR z pohľadu podnikateľských subjektov  |c Ivona Ďurinová 
520 |a Priblíženie legislatívnych zmien v daňovom odpisovaní majetku, ku ktorým došlo k 1.1.2015. Názory podnikateľských subjektov na legislatívne zmeny v odpisovej politike, vyvodenie záverov. 
610 2 0 |a majetok hmotný 
610 2 0 |a odpisy 
610 2 0 |a odpisy daňové 
610 2 0 |a úpravy právne 
610 2 0 |a Slovensko 
100 1 |a Ďurinová, Ivona, 1964-